| 000 | 00733nam a2200265 4500 | ||
|---|---|---|---|
| 001 | 10539 | ||
| 003 | BD-RjUL | ||
| 005 | 20211208234955.0 | ||
| 008 | 140125r19611959enka b 001 0 eng | ||
| 035 | _a(BD-RjUL)10587 | ||
| 040 |
_aDLC _cDLC _dDLC _dBD-RjUL _beng |
||
| 041 | _aeng | ||
| 082 | 0 | 0 |
_a551.36 _bKIB |
| 100 | 1 |
_aKing, Cuchlaine A. M. _932584 |
|
| 245 | 0 | 0 |
_aBeaches and coasts / _cCuchlaine A. M. King. |
| 260 |
_aLondon : _bE. Arnold, _cc1959 [Reprinted 1961]. |
||
| 300 |
_axii, 403 p. : _billus. ; _c24 cm. |
||
| 504 | _aIncludes bibliography and index. | ||
| 650 | 0 |
_aBeaches. _932585 |
|
| 650 | 0 |
_aCoasts. _931305 |
|
| 650 | 0 |
_aOcean. _932586 |
|
| 942 |
_2ddc _cBK |
||
| 999 |
_c10539 _d10539 |
||